000 00892nam a2200289 i 4500
003 DO-SdBNP
005 20240712155059.0
007 ta
008 240712b1994 sp a 001 0 spa d
020 _a8447800148
040 _aDO-SdBNP
_bspa
_cBNPHU
_erda
082 4 _bD249
_222
100 1 _aDavis, Jim
_eautor
_d1945-
_986075
240 1 _aGarfield says a mouthful /
245 1 0 _aGarfield :
_by sus kilos /
_cJim Davis ; traducción Alfred Sala
264 _aBarcelona, España :
_bJunior,
_c1994.
300 _a[96] páginas :
_bilustraciones
_c13 cm.
336 _2rdacontent
_atexto
_btxt
337 _2rdamedia
_asin mediación
_bnc
338 _2rdacarrier
_avolumen
_bnc
490 1 _aGrupo editorial grijalbo
_v28
500 _aLibro de caricaturas.
590 _aInventariado, 2024/ YL
700 1 _aSalas, Alfred
_etraductor
_986076
910 _aYlockward
942 _2ddc
_cLBS1
999 _c57291
_d57291